| 000 | 00621nas a2200193 a 4500 | ||
|---|---|---|---|
| 999 |
_c5577 _d5577 |
||
| 001 | 5577 | ||
| 003 | CDMR | ||
| 005 | 20181023104409.0 | ||
| 008 | 130130u19982007sp ||||||||||||||||||||d | ||
| 040 |
_aCDMR _bcat _cCDMR |
||
| 245 | 0 | 0 |
_aKazetariak _b= Periodistas |
| 260 |
_aBilbao _bBizkaiko Kazetarien Elkartea. Asociación de Periodistas de Bizkaia _c1998-2007 |
||
| 300 | _av. | ||
| 362 | _aNúm. 1 (gen. 1998) - núm. 23 (set. 2007) | ||
| 650 | 0 | 4 |
_94589 _aPeriodisme _zBiscaia (País Basc) _vRevistes |
| 650 | 0 | 4 |
_94580 _aButlletins d'informació |
| 710 | 2 |
_94351 _aAsociación de Periodistas de Bizkaia |
|
| 856 |
_uhttp://kazetariak.eus/publicaciones_kazetariak_lista.php _yDisponible al Portal Web |
||
| 942 |
_cSER _2udc |
||